• 首页
  • 本馆介绍
  • 公告通知
  • 最新文献
  • 馆藏检索
  • 电子资源
  • 读者导购
  • 参考咨询
  • 我的图书馆
  • 登录
  • 详细信息显示
  • 放入我的书架
  • 预约/预借图书
  • 作者相关作品
  • 分类相关作品
  • 丛书相关作品
  • 出版社相关作品

书目信息

  • 表格格式
  • 工作单格式
  • 卡片格式
题名:
文学编辑纪事
    
 
作者: 王仰晨 著
分册:  
出版信息: 北京   首都师范大学出版社  2010
页数: 298页
开本: 24cm
丛书名: 书林守望丛书
单 册:
中图分类: G232-53 , K825.42=76
科图分类:
主题词: 编辑工作--中国--文集 , 出版工作者--生平事迹--中国--现代
电子资源:
ISBN: 978-7-5656-0248-1
000 01077oam2 2200289 450
001 3595
005 20180527170603.27
010    @a978-7-5656-0248-1@dCNY43.00
100    @a20110402d2010 em y0chiy50 ea
101 0  @achi
102    @aCN@b110000
105    @aa z 000yy
200 1  @a文学编辑纪事@9wen xue bian ji ji shi@f王仰晨等著
210    @a北京@c首都师范大学出版社@d2010
215    @a298页@c图@d24cm
225 2  @a书林守望丛书@h第二辑@v1
300    @a本丛书得到韬奋基金会资金资助 “十一五”国家重点图书出版规划项目
330    @a本书为我们提供了一部关于新中国出版人的精神文化启示录。其中反映出的经过沉淀而彰显的文化品格,尤其应该成为新时期出版工作者的精神支柱。具体内容包括:编辑工作文丛;自述和忆旧;编辑生活剪影及其他等。
461  0 @12001 @a书林守望丛书
600  0 @a王仰晨@f(1921-2005)@x生平事迹
606 0  @a编辑工作@y中国@j文集
606 0  @a出版工作者@x生平事迹@y中国@z现代
690    @aG232-53@v5
690    @aK825.42=76@v5
701  0 @a王仰晨@9wang yang chen@f(1921-2005)@4著
801  0 @aCN@b91MARC@c20130904
905    @aMuseLib@dG232-53@e87
    
    文学编辑纪事/王仰晨等著.-北京:首都师范大学出版社,2010
    298页:图;24cm.-(书林守望丛书.第二辑;1)
    本丛书得到韬奋基金会资金资助 “十一五”国家重点图书出版规划项目
    
    ISBN 978-7-5656-0248-1:CNY43.00
    本书为我们提供了一部关于新中国出版人的精神文化启示录。其中反映出的经过沉淀而彰显的文化品格,尤其应该成为新时期出版工作者的精神支柱。具体内容包括:编辑工作文丛;自述和忆旧;编辑生活剪影及其他等。
●
相关链接 在E读中查询图书 在五车中查询图书 在当当中查询图书 在豆瓣中查询图书


正题名:文学编辑纪事     索取号:G232-53/87         预约/预借

序号 登录号 条形码 馆藏地/架位号 状态 备注
1 1109832   211098328   第一样本阅览室/ [索取号:G232-53/87] 在馆    
2 1109833   211098337   教育系资料室/ [索取号:G232-53/87] 在馆    
3 1109834   211098346   教育系资料室/ [索取号:G232-53/87] 在馆    
4 1109835   211098355   第四借阅区/ [索取号:G232-53/87] 在馆    
唐山师范学院图书馆 欢迎您!
大连网信软件有限公司© 版权所有